[Event "St. Petersburg-ch Women 2021"]
[Site "St. Petersburg"]
[Date "2021.03.29"]
[Round "5.1"]
[White "Murashova, Ekaterina"]
[Black "Belenkaya, Dina"]
[Result "1/2-1/2"]
[WhiteElo "2207"]
[BlackElo "2293"]
[Annotator "TA"]
[PlyCount "123"]
[EventDate "2021.03.25"]
[EventType "swiss"]
[EventCountry "RUS"]
[SourceTitle "playchess.com"]
[Source "ChessBase"]
[SourceQuality "1"]

{[%evp 20,123,23,22,37,42,51,53,74,54,59,70,204,72,122,123,176,167,229,213,194,222,288,189,253,162,166,174,176,163,162,150,166,91,150,68,92,56,111,94,116,102,108,60,74,70,74,82,70,58,66,-333,0,-622,0,-1641,112,96,109,97,115,-232,-228,-222,-227,-208,-223,-460,-454,-459,-450,-419,-408,-408,-408,-527,-460,-758,-729,-744,-687,-709,-671,-530,-291,-231,0,-474,-8,-8,-8,-8,-8,-8,0,-8,0,-13,-13,-23,-23,-23,-8,-8,-8,-8]} 1. e4 c6 2. d4 d5 3. exd5 cxd5 4. c4 Nf6 5. Nc3 g6 6. Qb3 Bg7 7. cxd5 O-O 8. Be2 Nbd7 9. Bf3 Nb6 10. Nge2 a5 11. a4 Qd6 {B14: Caro-Kann: Panov-Botvinnik Attack with 5...e6 and 5...g6.} 12. O-O Bg4 13. Bxg4 Nxg4 {[%csl Gg4][%cal Rd6h2] White is slightly better.} 14. Bf4 Qb4 15. Qd1 Nc4 {[#]} (15... Nf6 $14) 16. d6 $146 (16. Nb5 $1 $18 {is the precise move to win.} Nxb2 17. Qb1) ({Predecessor:} 16. b3 Nd6 17. Qd3 Nf6 18. Be5 Rac8 19. Nb5 Nxd5 20. Bxd6 exd6 21. Qf3 Nc7 {½-½ (21) Thiel,T (2316)-Petzold,K (2261) Germany 2004}) 16... e5 17. dxe5 Ngxe5 (17... Bxe5 $16 18. h3 Nf6) 18. b3 $1 $18 {[%cal Rb3c4]} Nb6 (18... Nb2 {was worth a try.} 19. Qc2 Nbd3) 19. Rc1 Rac8 20. Nb5 Qe4 21. f3 Qf5 (21... Rxc1 $142 22. Bxc1 (22. fxe4 Rxd1 23. Rxd1 Nbd7 $16) 22... Qb1) 22. Be3 Rxc1 23. Nxc1 Ned7 24. Ne2 Nd5 25. Bf2 Nb4 26. Qd2 (26. Na3 $18) 26... Rc8 (26... Qd3 $142 27. Qxd3 Nxd3) 27. Rc1 (27. Qe3 $16) 27... Rxc1+ 28. Qxc1 Nc6 (28... Qc2 $14 29. Qxc2 Nxc2) 29. h3 Qd5 30. Qe3 Be5 {( -> ...Qd1+)} 31. Bg3 f6 32. Bxe5 Qxe5 33. Kf2 Kf7 34. Qh6 Kg8 35. Nf4 $2 {[%mdl 8192]} (35. Qf4 $14 {stays ahead.}) 35... Qb2+ $2 (35... Qc5+ $1 $19 36. Kg3 Qc1) 36. Kg3 $2 {[%mdl 8192]} (36. Ne2 $11) 36... Qxb3 $2 (36... Qd2 $19 37. Nc3 Qxc3 38. Nxg6 hxg6 39. Qxg6+ Kf8) 37. Nc7 $2 {[%mdl 8192]} (37. Nxg6 $11 hxg6 38. Qxg6+ Kf8 39. Qh6+ Kg8 40. Qg6+ Kf8 41. Qh6+ Kg8 42. Qg6+) 37... Qf7 $2 (37... Nd4 $19 38. Kg4 Ne5+ 39. Kg3 Nf5+ 40. Kh2 Qc2) 38. Nfe6 $16 g5 39. h4 Nf8 {[#]} 40. Ne8 $2 {[%mdl 8192]} gxh4+ $19 ({Much less strong is} 40... Nxe6 41. Nxf6+ Kh8 42. hxg5) 41. Kf2 Nxe6 42. Nxf6+ Kh8 43. Nxh7 $2 (43. Qxh4 {was called for.} Nc5 44. Kg1) 43... Qxh7 44. Qxe6 Qc2+ 45. Kg1 Qxa4 46. Qc8+ Kg7 47. Qxb7+ {[#]} Kf6 $1 48. Qd7 (48. Qc8 $142 Qd4+ 49. Kf1 Qd1+ 50. Kf2 Qxd6 51. Qh8+ Ke6 52. Qxh4) 48... Qd4+ 49. Kh1 Qd5 50. f4 a4 {Hoping for ...a3.} 51. Qg4 Kf7 {Strongly threatening ...a3.} ({Not} 51... a3 52. Qxh4+ Kf7 53. Qh7+ Kf8 54. Qh6+ Kf7 55. Qh7+ Ke8 56. Qh8+ Kf7 57. Qh7+ $15) 52. Qd7+ Kf6 $2 (52... Kg6 {Threatens to win with ...a3.} 53. Qg4+ Kf7 54. Qd7+ Kf6) 53. Qg4 $1 a3 $2 (53... Qd4 $19 54. Qf3 Qxd6) 54. Qxh4+ $11 Kf7 55. Qh7+ Ke8 {And now ...a2 would win.} 56. Qh8+ Kf7 57. Qh7+ Kf6 58. Qh4+ Kf5 {...a2 is the strong threat.} 59. Qh3+ Kxf4 60. Qxa3 Nd4 61. Qh3 Nf5 62. Qf3+ $1 {White used his chance.  Weighted Error Value: White=0.68/Black=0.79} 1/2-1/2

[Event "St. Petersburg-ch Women 2021"]
[Site "St. Petersburg"]
[Date "2021.03.29"]
[Round "5.2"]
[White "Styazhkina, Anna"]
[Black "Karmanova, Olga Dm."]
[Result "0-1"]
[WhiteElo "2294"]
[BlackElo "1971"]
[Annotator "TA"]
[PlyCount "92"]
[EventDate "2021.03.25"]
[EventType "swiss"]
[EventCountry "RUS"]
[SourceTitle "playchess.com"]
[Source "ChessBase"]
[SourceQuality "1"]

{[%evp 25,92,57,64,43,44,34,52,20,58,24,73,37,50,22,48,26,33,0,25,10,33,33,68,81,86,-75,-66,-535,-41,-127,-122,-111,-106,-124,-135,-172,-158,-182,-168,-309,-302,-302,-277,-326,-306,-782,-468,-468,-468,-548,-547,-522,-512,-833,-819,-872,-853,-836,-825,-29971,-29972,-4133,-1615,-29954,-29953,-29998,-29994,-29994,-29995]} 1. e4 c5 2. Nf3 a6 3. c4 e6 4. Nc3 Nf6 5. Be2 Qc7 6. O-O d6 7. d4 cxd4 8. Nxd4 b6 9. Be3 Bb7 10. f3 Nbd7 11. Rc1 Be7 12. Qd2 O-O 13. Rfd1 Rac8 14. Kh1 {A31: Symmetrical English: 2 Nf3 Nf6 3 d4.} Qb8 15. Nc2 Rfe8 16. Bg1 {[#] White is slightly better.} Kh8 $146 ({Predecessor:} 16... Red8 17. Bf1 Bf8 18. Qe1 Ba8 19. Qe3 Rc7 20. Rd2 Rdc8 21. Rcd1 {½-½ (21) Kovchan,A (2543)-Baklan,V (2627) Kharkov 2009}) 17. b4 g5 18. Qxg5 Nxe4 $1 19. Bd4+ Nef6 $1 20. Qh6 Rg8 $1 21. Bd3 {[%csl Gd3][%cal Rh6h7]} Rg7 22. Ne3 Ne5 23. Bb1 Qa8 24. Rf1 ({Don't go for} 24. Bxb6 $2 Bxf3 25. Rg1 Nxc4 $19) 24... Rcg8 25. Qh3 $2 {[#]} ({Avoid the trap} 25. Bxb6 $2 Nxf3 26. Ncd5 Nxd5 $19) (25. Ne2 $1 $16) 25... Rg5 $1 $17 {[%cal Rg5h5] Strongly threatening ...Rh5.} 26. Ng4 $2 {[%mdl 8192]} ({Wrong is} 26. Bxb6 $2 Rh5 $19) ({White has to play} 26. Qh4 $1 $15) 26... R8g7 $2 (26... Rh5 $19 27. Nxf6 Rxh3 28. Nxg8 Kxg8 29. gxh3 Nxf3 30. Rxf3 Bxf3+ 31. Kg1 e5) 27. Bxe5 ({White should play} 27. Nxf6 $15 Bxf6 28. Be4) 27... dxe5 28. Nxf6 Bxf6 29. Be4 Rxg2 30. Qxg2 Rxg2 31. Kxg2 Bg5 32. Rcd1 {[#]} (32. Rc2 {is a better defense.}) 32... f5 $1 $19 {[%cal Rf5e4]} 33. Bxb7 Qxb7 34. Rd6 Qg7 {Threatens to win with ...Be7+.} 35. Rxe6 (35. Rd3) 35... Bd2+ 36. Kh1 {Hoping for Re8+.} Qd7 37. Rxe5 {Black must now prevent Rd5.} Bxc3 38. Rd5 Qe6 39. Rfd1 (39. Rg1 $142 Bf6 40. Rd3) 39... Bxb4 40. Rd8+ Kg7 41. R8d7+ Kf6 42. Rxh7 Qe2 {[%mdl 64] Double Attack} 43. Rg1 Qxf3+ 44. Rg2 Bc5 {Black mates.} 45. h4 Qf1+ 46. Kh2 Bd6+ {Weighted Error Value: White=1.03/Black=0.27} 0-1

[Event "St. Petersburg-ch Women 2021"]
[Site "St. Petersburg"]
[Date "2021.03.30"]
[Round "6.7"]
[White "Belenkaya, Dina"]
[Black "Karmanova, Olga Dm."]
[Result "1-0"]
[WhiteElo "2293"]
[BlackElo "1971"]
[Annotator "NA"]
[PlyCount "75"]
[EventDate "2021.03.25"]
[EventType "swiss"]
[EventCountry "RUS"]
[SourceTitle "playchess.com"]
[Source "ChessBase"]
[SourceQuality "1"]
[TimeControl "40/5400+30:1800+30"]

1. e4 {[%emt 0:03:39]} c5 {[%emt 0:00:00]} 2. Nf3 {[%emt 0:00:15]} a6 {[%emt 0:00:00]} 3. c4 {[%emt 0:00:30]} e6 {[%emt 0:00:00]} 4. Nc3 {[%emt 0:00:21]} Qc7 {[%emt 0:00:00]} 5. d4 {[%emt 0:00:55]} cxd4 {[%emt 0:00:03]} 6. Nxd4 {[%emt 0:00:03]} Nf6 {[%emt 0:00:04]} 7. Be2 {[%emt 0:06:02]} b6 {[%emt 0:00:06]} 8. O-O {[%emt 0:00:49]} Bb7 {[%emt 0:00:04]} 9. Qd3 {[%emt 0:00:51]} Nc6 {[%emt 0:00:44]} 10. Nxc6 {[%emt 0:02:15]} dxc6 {[%emt 0:00:23]} 11. f4 {[%emt 0:00:55]} Be7 {[%emt 0:09:43]} 12. e5 {[%emt 0:08:53]} Nd7 {[%emt 0:01:28]} 13. Qg3 {[%emt 0:02:15]} O-O {[%emt 0:07:43]} 14. Rd1 {[%emt 0:05:17]} f5 {[%emt 0:11:01]} 15. Be3 {[%emt 0:14:13]} Rad8 {[%emt 0:02:28]} 16. Rd2 {[%emt 0:14:27]} c5 {[%emt 0:02:43]} 17. Rad1 {[%emt 0:00:37]} Qc8 {[%emt 0:10:33]} 18. Nd5 {[%emt 0:04:09]} exd5 {[%emt 0:02:43]} 19. cxd5 {[%emt 0:00:01]} Rfe8 {[%emt 0:09:30]} 20. d6 {[%emt 0:00:56]} Bf8 {[%emt 0:06:44]} 21. Bc4+ {[%emt 0:00:46]} Kh8 {[%emt 0:00:06]} 22. Bf7 {[%emt 0:02:47]} Qc6 {[%emt 0:07:41]} 23. Qh3 {[%emt 0:01:29]} Nb8 {[%emt 0:08:56]} 24. Bg6 {[%emt 0:04:08]} h6 {[%emt 0:00:04]} 25. Bxf5 {[%emt 0:01:04]} Nd7 {[%emt 0:05:08]} 26. Qg3 {[%emt 0:02:15]} g5 {[%emt 0:01:15]} 27. h4 {[%emt 0:01:19]} g4 {[%emt 0:03:38]} 28. Qxg4 {[%emt 0:02:13]} Bg7 {[%emt 0:00:06]} 29. Qg6 {[%emt 0:02:01]} Nf8 {[%emt 0:00:04]} 30. Qf7 {[%emt 0:03:12]} Rxd6 {[%emt 0:07:45]} 31. exd6 {[%emt 0:01:03]} Rxe3 {[%emt 0:00:02]} 32. Kh2 {[%emt 0:10:42]} Qa4 {[%emt 0:02:43]} 33. Bh3 {[%emt 0:01:53]} Bc6 {[%emt 0:01:55]} 34. d7 {[%emt 0:01:14]} Nxd7 {[%emt 0:00:27]} 35. Bxd7 {[%emt 0:00:17]} Qe4 {[%emt 0:01:04]} 36. Bxc6 {[%emt 0:00:28]} Qxc6 {[%emt 0:00:03]} 37. Rd8+ {[%emt 0:00:23]} Kh7 {[%emt 0:00:03]} 38. Qg8+ {[%emt 0:00:14]} 1-0

[Event "St. Petersburg-ch Women 2021"]
[Site "St. Petersburg"]
[Date "2021.03.30"]
[Round "6.8"]
[White "Nazarova, Anastasia"]
[Black "Murashova, Ekaterina"]
[Result "0-1"]
[WhiteElo "2184"]
[BlackElo "2207"]
[Annotator "NA"]
[PlyCount "72"]
[EventDate "2021.03.25"]
[EventType "swiss"]
[EventCountry "RUS"]
[SourceTitle "playchess.com"]
[Source "ChessBase"]
[SourceQuality "1"]
[TimeControl "40/5400+30:1800+30"]

1. e4 {[%emt 0:00:43]} c5 {[%emt 0:00:00]} 2. Nf3 {[%emt 0:00:13]} g6 {[%emt 0:00:00]} 3. c4 {[%emt 0:00:19]} Nc6 {[%emt 0:00:02]} 4. d4 {[%emt 0:00:05]} cxd4 {[%emt 0:00:06]} 5. Nxd4 {[%emt 0:00:03]} Bg7 {[%emt 0:00:07]} 6. Be3 {[%emt 0:00:04]} Qb6 {[%emt 0:00:10]} 7. Nb3 {[%emt 0:01:22]} Qd8 {[%emt 0:00:07]} 8. Nc3 {[%emt 0:01:44]} Bxc3+ {[%emt 0:01:13]} 9. bxc3 {[%emt 0:00:06]} Nf6 {[%emt 0:00:03]} 10. f3 {[%emt 0:03:13]} O-O {[%emt 0:00:15]} 11. c5 {[%emt 0:03:09]} b6 {[%emt 0:00:05]} 12. cxb6 {[%emt 0:01:18]} axb6 {[%emt 0:00:10]} 13. Bb5 {[%emt 0:02:09]} Qc7 {[%emt 0:03:43]} 14. O-O {[%emt 0:03:25]} d6 {[%emt 0:15:57]} 15. Qe2 {[%emt 0:07:40]} Na5 {[%emt 0:24:11]} 16. c4 {[%emt 0:12:40]} Be6 {[%emt 0:03:32]} 17. Rfc1 {[%emt 0:05:56]} Rfc8 {[%emt 0:00:08]} 18. Nxa5 {[%emt 0:01:07]} Rxa5 {[%emt 0:01:04]} 19. Qf2 {[%emt 0:00:55]} Rb8 {[%emt 0:03:59]} 20. Bd4 {[%emt 0:03:52]} Nd7 {[%emt 0:11:08]} 21. f4 {[%emt 0:10:47]} Nc5 {[%emt 0:10:00]} 22. Qf3 {[%emt 0:08:56]} Bd7 {[%emt 0:07:08]} 23. e5 {[%emt 0:12:58]} Ne6 {[%emt 0:05:08]} 24. exd6 {[%emt 0:07:18]} exd6 {[%emt 0:06:44]} 25. Bf6 {[%emt 0:00:35]} Qc5+ {[%emt 0:01:02]} 26. Kh1 {[%emt 0:08:16]} Bxb5 {[%emt 0:00:07]} 27. cxb5 {[%emt 0:00:03]} Qxb5 {[%emt 0:00:04]} 28. Rab1 {[%emt 0:01:35]} Qf5 {[%emt 0:02:57]} 29. Be7 {[%emt 0:00:05]} Rxa2 {[%emt 0:02:43]} 30. Bxd6 {[%emt 0:00:27]} Rd8 {[%emt 0:00:02]} 31. Be5 {[%emt 0:00:40]} f6 {[%emt 0:02:26]} 32. Bb2 {[%emt 0:03:17]} Rd2 {[%emt 0:00:34]} 33. Qb3 {[%emt 0:00:43]} Qe4 {[%emt 0:00:22]} 34. Rc8+ {[%emt 0:00:41]} Kg7 {[%emt 0:00:06]} 35. Rg1 {[%emt 0:00:31]} Raxb2 {[%emt 0:00:12]} 36. Qa3 {[%emt 0:00:31]} Rxg2 {[%emt 0:00:50]} 0-1

[Event "St. Petersburg-ch Women 2021"]
[Site "St. Petersburg"]
[Date "2021.03.31"]
[Round "7.1"]
[White "Getman, Tatyana"]
[Black "Belenkaya, Dina"]
[Result "1-0"]
[WhiteElo "2271"]
[BlackElo "2293"]
[Annotator "NA"]
[PlyCount "69"]
[EventDate "2021.03.25"]
[EventType "swiss"]
[EventCountry "RUS"]
[SourceTitle "playchess.com"]
[Source "ChessBase"]
[SourceQuality "1"]
[TimeControl "40/5400+30:1800+30"]

1. d4 {[%emt 1:30:30]} Nf6 {[%emt 0:02:41]} 2. c4 {[%emt 0:00:00]} e6 {[%emt 0:00:26]} 3. Nc3 {[%emt 0:00:00]} Bb4 {[%emt 0:02:45]} 4. e3 {[%emt 0:00:00]} b6 {[%emt 0:03:01]} 5. Nge2 {[%emt 0:00:00]} Ba6 {[%emt 0:08:20]} 6. a3 {[%emt 0:00:00]} Bxc3+ {[%emt 0:01:01]} 7. Nxc3 {[%emt 0:00:00]} d5 {[%emt 0:01:57]} 8. b3 {[%emt 0:00:00]} O-O {[%emt 0:08:54]} 9. Bd3 {[%emt 0:00:00]} dxc4 {[%emt 0:02:31]} 10. bxc4 {[%emt 0:00:00]} Nc6 {[%emt 0:00:57]} 11. a4 {[%emt 0:00:00]} Qd7 {[%emt 0:09:04]} 12. O-O {[%emt 0:00:00]} Rfd8 {[%emt 0:08:37]} 13. Bb2 {[%emt 0:00:00]} Na5 {[%emt 0:07:14]} 14. Nb5 {[%emt 0:00:00]} c6 {[%emt 0:01:16]} 15. Na3 {[%emt 0:00:00]} c5 {[%emt 0:07:00]} 16. f4 {[%emt 0:00:00]} cxd4 {[%emt 0:02:24]} 17. exd4 {[%emt 0:00:00]} Rac8 {[%emt 0:01:37]} 18. Qe2 {[%emt 0:00:00]} Ne8 {[%emt 0:10:31]} 19. Rf3 {[%emt 0:00:00]} Nd6 {[%emt 0:04:52]} 20. Rc1 {[%emt 0:00:00]} f5 {[%emt 0:01:25]} 21. Rg3 {[%emt 0:00:00]} Re8 {[%emt 0:00:50]} 22. d5 {[%emt 0:00:00]} exd5 {[%emt 0:01:15]} 23. Qf3 {[%emt 0:00:00]} Re7 {[%emt 0:02:20]} 24. Qxd5+ {[%emt 0:00:00]} Kh8 {[%emt 0:00:30]} 25. c5 {[%emt 0:00:00]} Bb7 {[%emt 0:09:20]} 26. Qxd6 {[%emt 0:00:00]} Qxd6 {[%emt 0:00:41]} 27. cxd6 {[%emt 0:00:00]} Rxc1+ {[%emt 0:00:08]} 28. Bxc1 {[%emt 0:00:00]} Re1+ {[%emt 0:00:06]} 29. Kf2 {[%emt 0:00:00]} Rxc1 {[%emt 0:00:08]} 30. d7 {[%emt 0:00:00]} Nc6 {[%emt 0:00:04]} 31. Re3 {[%emt 0:01:27]} g6 {[%emt 0:00:56]} 32. Bb5 {[%emt 0:00:21]} Rd1 {[%emt 0:00:48]} 33. Bxc6 {[%emt 0:00:13]} Bxc6 {[%emt 0:00:05]} 34. Re8+ {[%emt 0:00:06]} Kg7 {[%emt 0:00:04]} 35. d8=Q {[%emt 0:00:06]} 1-0

[Event "St. Petersburg-ch Women 2021"]
[Site "St. Petersburg"]
[Date "2021.03.31"]
[Round "7.2"]
[White "Murashova, Ekaterina"]
[Black "Garmash, Aliona"]
[Result "1-0"]
[WhiteElo "2207"]
[BlackElo "2179"]
[Annotator "TA"]
[PlyCount "139"]
[EventDate "2021.03.25"]
[EventType "swiss"]
[EventCountry "RUS"]
[SourceTitle "playchess.com"]
[Source "ChessBase"]
[SourceQuality "1"]

{[%evp 24,139,30,26,14,13,29,0,59,54,60,0,0,0,0,0,0,0,0,-7,0,0,0,0,0,-1,0,0,0,0,0,0,0,0,0,0,0,0,0,0,25,0,0,0,0,0,0,0,0,0,0,0,8,4,8,2,8,0,0,0,8,8,8,8,8,8,8,8,8,8,8,8,8,8,8,8,8,8,8,0,0,0,0,0,0,0,0,0,8,8,8,8,8,8,8,8,8,11,156,11,1929,1978,1563,1589,1518,1489,1452,1452,1242,1214,1207,1207,1187,1105,915,467,29977,29976]} 1. e4 c6 2. d4 d5 3. exd5 cxd5 4. c4 Nf6 5. Nc3 e6 6. Nf3 Bb4 7. cxd5 Nxd5 8. Bd2 Nc6 9. Bd3 Be7 10. O-O O-O 11. Re1 Nf6 12. Bg5 h6 13. Bh4 Nh5 {B14: Caro-Kann: Panov-Botvinnik Attack with 5...e6 and 5...g6.} ({Wrong is} 13... Nxd4 $2 14. Nxd4 Qb6 15. Na4 $18) 14. Bxe7 Nxe7 15. Bc2 {[#]} Nf4 $146 (15... b6 $11) ({Predecessor:} 15... Nf6 16. Ne5 Bd7 17. Qd3 Bc6 18. Rad1 g6 19. Re3 Kg7 20. Ne2 Nfd5 21. Rh3 Rc8 {0-1 (58) Islamov,M (2212)-Gavrilov,A (2245) Saratov 2006}) 16. Ne5 $14 b6 17. Be4 (17. Qf3 $14 Nfd5 18. Qd3) 17... Nfd5 $11 18. Nxd5 Nxd5 19. Nc6 (19. a4 {is more complex.} Bb7 20. Ra3 Qe7 21. Qd2 Nf6 22. Bb1) 19... Qd6 20. Bxd5 exd5 21. Ne5 Be6 22. Qd2 Rac8 23. Rac1 Rxc1 24. Rxc1 Rc8 25. Rxc8+ Bxc8 26. Qc3 Be6 27. h3 f6 28. Nf3 Bf5 29. Nd2 Kf7 30. Nf1 Be6 31. a3 a5 (31... Qf4 {looks sharper.} 32. b4 h5 33. Ng3 h4 34. Nf1 Bd7) 32. Qg3 (32. h4 {is interesting.} g6 33. g3 Kg7 34. Ne3 Qd7 35. Qc2) 32... Qxg3 33. Nxg3 {[%mdl 4096] Endgame KB-KN} g5 34. Ne2 Ke7 35. f3 Kd6 36. Kf2 Bd7 37. Nc3 Be6 38. Kg3 Bf5 39. h4 Be6 40. hxg5 hxg5 41. f4 gxf4+ 42. Kxf4 Bd7 43. g4 Ke6 44. g5 fxg5+ 45. Kxg5 Be8 46. Ne2 Bb5 47. Nf4+ Kd6 48. Kf6 Bc4 49. Ng6 a4 50. Ne5 Ba2 (50... Be2 {keeps more tension.} 51. Nf7+ Kc7 52. Kf5 Bf3 53. Ke6 Bh1) 51. Kf5 (51. Nf7+ {seems wilder.} Kd7 52. Ke5 Kc6 53. Nd6 b5 54. Ke6) 51... Bb1+ 52. Kf4 Ba2 53. Ke3 Ke6 54. Kf4 Bb3 55. Kg5 Ba2 56. Nd3 Bb3 57. Nf4+ Kd6 58. Kf6 Bc4 59. Ng6 Bb3 60. Ne7 Ba2 (60... Kd7 $11) 61. Nf5+ $16 Kc6 $2 {[%mdl 8192] This move loses the game for Black.} (61... Kd7 $11) 62. Ke5 $18 Kd7 63. Ne3 Kc6 {[#]} 64. Nc2 $1 Kb5 65. Nb4 Bb3 66. Nxd5 Kc6 67. Nc3 Kd7 68. d5 Bc2 69. d6 Kc6 {[#]} (69... Bb3 $18 70. Nd5 b5 71. Nf6+ Kc6) 70. Ke6 $1 {Weighted Error Value: White=0.03/Black=0.10} 1-0

[Event "St. Petersburg-ch Women 2021"]
[Site "St. Petersburg"]
[Date "2021.04.01"]
[Round "8.1"]
[White "Getman, Tatyana"]
[Black "Murashova, Ekaterina"]
[Result "1/2-1/2"]
[WhiteElo "2271"]
[BlackElo "2207"]
[Annotator "TA"]
[PlyCount "81"]
[EventDate "2021.03.25"]
[EventType "swiss"]
[EventCountry "RUS"]
[SourceTitle "playchess.com"]
[Source "ChessBase"]
[SourceQuality "1"]

{[%evp 12,81,37,30,26,2,33,34,21,20,26,2,10,0,-16,-25,10,-3,17,-26,-17,-12,-5,-4,22,-15,0,-11,0,0,43,39,118,95,120,46,74,0,0,-86,-89,-63,-68,-212,11,-16,0,0,83,102,84,56,96,0,295,0,0,0,0,0,0,0,0,0,8,8,8,0,0,0,8,0]} 1. d4 d5 2. c4 c6 3. Nf3 Nf6 4. e3 Bf5 5. Nc3 e6 6. Nh4 Be4 $1 {[%mdl 4] is currently scoring better than 6...Bg6.} 7. f3 Bg6 {D12: Slav Defence: 3 Nf3 Nf6 4 e3 Bf5.} 8. Bd2 Nbd7 9. Nxg6 hxg6 {White is slightly better.} 10. Qb3 Qc7 11. O-O-O dxc4 12. Bxc4 b5 13. Be2 {[#]} a6 $146 ({Predecessor:} 13... Rxh2 14. Rhg1 a6 15. Kb1 c5 16. dxc5 Nxc5 17. Qc2 Rc8 18. Rc1 Be7 19. a3 Ncd7 {1-0 (33) Esipenko,A (2682)-Kovalev,D (2487) chess.com INT 2020}) 14. Kb1 c5 15. f4 Be7 16. g4 c4 17. Qc2 Nb6 18. f5 gxf5 19. gxf5 exf5 20. Qxf5 g6 21. Qf3 Rc8 (21... b4 $14 22. Ne4 Nfd5) 22. a3 $1 $16 Qd7 23. e4 (23. h4 $1 $16) 23... a5 {aiming for ...b4.} 24. Bg5 (24. e5 $16 Nfd5 25. Rhf1 Nxc3+ 26. Bxc3 Qf5+ 27. Qxf5 gxf5 28. Bxa5 (28. Rxf5 Rxh2 29. Bh5 b4 $11)) 24... Rh3 $11 25. Qg2 {[#]} (25. Qf4 $11 {keeps the balance.} Nh5 26. Qg4) 25... Rxc3 $1 $17 26. bxc3 {Black must now prevent Bxf6.} Na4 $1 {Strongly threatening ...Nxe4!} 27. Rc1 {[#]} ({Better is} 27. Kc2 $15 b4 28. cxb4 axb4 29. axb4) 27... Qd6 $2 ({Black should play} 27... b4 $1 $19 28. Bxf6 (28. axb4 axb4 29. cxb4 Qxd4 $17) 28... Bxf6) 28. Bg4 Nxg4 29. Qxg4 f5 (29... Rc7 $11 30. Bxe7 Qxe7) 30. Bxe7 $16 Kxe7 31. Qh4+ Kd7 32. Ka2 ({White should try} 32. Qh7+ $16 Kd8 33. Rhg1 (33. exf5 Qxa3 34. Qh4+ Kd7 $15)) 32... b4 $2 {[%mdl 8192]} (32... Re8 $1 $11 33. Qh3 Rxe4) 33. cxb4 $2 (33. Qh7+ $18 Kc6 34. Rhg1 (34. exf5 $2 b3+ 35. Kb1 Qxa3 $19) 34... b3+ 35. Kb1) 33... Qxd4 $11 {[%csl Ga4][%cal Rd4b2] The position is equal.} 34. Rhd1 Nc3+ 35. Rxc3 $1 Qxd1 {[%mdl 4096] Endgame KQR-KQR} 36. Qh7+ {[%mdl 64] Double Attack} Kd8 {Threatens to win with ...Qd2+.} 37. Qg8+ Ke7 $132 {[%mdl 2048] Black puts up resistance} 38. Qg7+ Kd8 39. Qf6+ Kd7 40. Qg7+ ({Don't go for} 40. exf5 $2 Re8 $19) 40... Kd8 41. Qg8+ {Weighted Error Value: White=0.36/Black=0.30} 1/2-1/2

[Event "St. Petersburg-ch Women 2021"]
[Site "St. Petersburg"]
[Date "2021.04.01"]
[Round "8.2"]
[White "Belenkaya, Dina"]
[Black "Pogorelskikh, Sofia"]
[Result "1-0"]
[WhiteElo "2293"]
[BlackElo "2025"]
[Annotator "TA"]
[PlyCount "87"]
[EventDate "2021.03.25"]
[EventType "swiss"]
[EventCountry "RUS"]
[SourceTitle "playchess.com"]
[Source "ChessBase"]
[SourceQuality "1"]

{[%evp 14,87,12,0,30,29,35,31,26,25,28,8,13,11,14,-1,27,-8,0,-1,12,12,23,20,33,24,68,72,82,28,30,40,58,43,42,48,75,73,73,73,70,74,164,167,280,276,486,486,486,492,482,478,492,492,461,479,410,402,383,360,435,417,502,500,572,570,560,542,1463,828,29967,29968,29988,29989,29990,29991]} 1. e4 c5 2. Nf3 Nc6 3. Bb5 g6 4. O-O Bg7 5. c3 Nf6 6. Qe2 O-O 7. d4 cxd4 8. cxd4 a6 {B31: Sicilian: 2...Nc6 3 Bb5 g6.} 9. Bxc6 bxc6 10. Nc3 d6 {White is slightly better.} 11. Rd1 {[#]} Nd7 $146 ({Predecessor:} 11... Bg4 12. h3 Bxf3 13. Qxf3 Nd7 14. Be3 Rb8 15. Qe2 Qb6 16. b3 Qa5 17. Rac1 Rfc8 18. Na4 Qb5 19. Rc2 Qxe2 20. Rxe2 Rb4 21. Rc2 f5 22. f3 {½-½ (22) Najer,E (2646)-Eliseev,U (2549) Moscow 2014}) 12. e5 Nb6 13. Bf4 a5 14. Ne4 {[%cal Re5d6]} Ba6 15. Qe1 {[%cal Re5d6]} Nd5 16. Bg3 Nb4 17. Qc3 {[%cal Re5d6]} Be2 18. Rd2 Bxf3 19. Qxf3 {[%cal Re5d6]} d5 20. Nc5 Na6 21. Rc1 ({Better is} 21. Na4 $16) 21... Nxc5 22. Rxc5 Qb6 23. Rdc2 Rfc8 24. Bh4 e6 {[#]} 25. Be7 {Black is on the road to losing.} a4 26. h4 Ra7 27. Bd6 Rd7 (27... h5 $16 {keeps fighting.}) 28. h5 $18 Qb7 (28... Bh6 $142 29. Qg4 Bg7) 29. Qf4 Rxd6 $2 {[#]} (29... h6 {is a better defense.} 30. hxg6 fxg6) 30. exd6 Qd7 31. h6 Bf8 32. Qc1 Qxd6 33. Rxc6 Rxc6 34. Rxc6 Bxh6 35. Rxd6 Bxc1 {[%mdl 4096] Endgame KR-KB} 36. Rb6 h5 37. Kf1 g5 38. Ke2 h4 39. f3 Kf8 40. b4 axb3 41. Rxb3 f5 42. a4 {[%cal Ba2a4,Ba4a5,Ba5a6][%mdl 32] White mates.} Bf4 43. a5 e5 44. a6 {Weighted Error Value: White=0.04/Black=0.50} 1-0